| 000 | 00524nam a2200193Ia 4500 | ||
|---|---|---|---|
| 003 | GCL | ||
| 008 | 140319s9999 xx 000 0 eng d | ||
| 020 | _a0415233666 | ||
| 040 |
_aGCL / _cGCL |
||
| 082 | 0 | 4 |
_a891.7 _bC R |
| 100 | 1 | _aCORNWELL, NEIL | |
| 245 | 1 | 0 |
_aTHE ROUTLEDGE COMPANION TO RUSSIAN LITERATURE / _cCORNWELL, NEIL |
| 260 |
_aانجلترا : _bROUTLEDGE ، _c2001 |
||
| 300 |
_a24 CM ؛ _c271 P |
||
| 650 | 0 | 4 | _aHISTORY AND CRITICISM |
| 650 | 0 | 4 | _aRUSSIA |
| 650 | 0 | 4 | _aRUSSIAN LITERATURE |
| 942 |
_2ddc _cBK |
||
| 999 |
_c6554 _d6554 |
||